| 000 | 00331nam a22001337a 4500 | ||
|---|---|---|---|
| 020 | _a9789695038703 | ||
| 040 | _cNUST | ||
| 082 | _a953 QAS | ||
| 100 |
_aQasim Mehmood, Syed _988706 |
||
| 245 |
_aIslami Dunia; _b2015 |
||
| 260 |
_aLAHORE: _bAl Faisal Nashran, _c2015. |
||
| 650 |
_aMalomat-Islami Dunia _989510 |
||
| 942 |
_2ddc _cBK |
||
| 999 |
_c587742 _d587742 |
||